Big 4 Sports Team Place Names - Statistics

General Stats
  • This quiz has been taken 215 times
    79 since last reset
  • The average score is 51 of 62
Answer Stats
# Place Name Examples % Correct
7 New York Giants, Islanders, Jets, Knicks...
100%
7 Los Angeles Angels, Chargers, Clippers, Dodgers...
98%
4 Philadelphia 76ers, Eagles, Flyers, Phillies
97%
5 Chicago Bears, Blackhawks, Bulls, Cubs, White Sox
95%
3 Miami Dolphins, Heat, Marlins
95%
3 Boston Bruins, Celtics, Red Sox
94%
4 Detroit Lions, Pistons, Red Wings, Tigers
94%
3 Atlanta Braves, Falcons, Hawks
92%
2 Baltimore Orioles, Ravens
91%
3 Dallas Cowboys, Mavericks, Stars
91%
3 Houston Astros, Rockets, Texans
91%
2 Kansas City Chiefs, Royals
91%
4 Minnesota Timberwolves, Twins, Vikings, Wild
91%
3 Pittsburgh Penguins, Pirates, Steelers
91%
3 Toronto Blue Jays, Maple Leafs, Raptors
91%
4 Washington Capitals, Commanders, Nationals, Wizards
91%
2 New Orleans Pelicans, Saints
89%
3 Seattle Kraken, Mariners, Seahawks
89%
2 Denver Broncos, Nuggets
88%
1 Las Vegas Raiders
88%
1 Phoenix Suns
88%
2 San Francisco 49ers, Giants
88%
3 Tampa Bay Buccaneers, Lightning, Rays
88%
1 Vancouver Canucks
88%
3 Cleveland Browns, Cavaliers, Guardians
86%
1 Jacksonville Jaguars
86%
2 Arizona Cardinals, Diamondbacks
85%
1 Charlotte Hornets
85%
2 Cincinnati Bengals, Reds
85%
1 Tennessee Titans
85%
1 Edmonton Oilers
83%
1 Green Bay Packers
83%
1 Montreal Canadiens
83%
2 Buffalo Bills, Sabres
82%
2 Colorado Avalanche, Rockies
82%
1 Indiana Pacers
82%
1 San Antonio Spurs
82%
2 St. Louis Blues, Cardinals
82%
1 Florida Panthers
80%
1 Indianapolis Colts
80%
2 Milwaukee Brewers, Bucks
80%
1 Orlando Magic
80%
1 San Diego Padres
80%
2 Carolina Hurricanes, Panthers
78%
1 New England Patriots
78%
1 Ottawa Senators
78%
1 Sacramento Kings
78%
1 Portland Trail Blazers
77%
2 Utah Jazz, Mammoth
77%
1 Memphis Grizzlies
75%
1 Oklahoma City Thunder
75%
1 Calgary Flames
74%
1 Nashville Predators
74%
1 Texas Rangers
74%
1 Columbus Blue Jackets
72%
1 New Jersey Devils
71%
1 Winnipeg Jets
69%
1 Golden State Warriors
66%
1 San Jose Sharks
63%
1 Anaheim Ducks
57%
1 Brooklyn Nets
57%
1 Vegas Golden Knights
57%
No matching quizzes found
Score Distribution
Percent of People with Each Score
Percentile by Number Answered
Your Score History
You have not taken this quiz since the last reset